000 00409nam a2200157Ia 4500
008 160316s1996 xxu||||| |||| 00| 0 eng d
082 _a823.000000
_bCHU
100 _aChughtai Ismat
245 _aThe quilt and other stories
250 _a
260 _aNew Delhi
_bKali for Women
_c1996
300 _a224p
_b
_c
365 _bRs.100/-
650 _a1.Literature - Short Stories - Collection
700 _a
_a
999 _c12307
_d12307